[Event "24th Bosnjaci Open 2019"]
[Site "Bosnjaci"]
[Date "2019.01.09"]
[Round "9.7"]
[White "Cvitan, Ena"]
[Black "Rogulj, Branko"]
[Result "1/2-1/2"]
[WhiteElo "2201"]
[BlackElo "2413"]
[Annotator "TA"]
[PlyCount "110"]
[EventDate "2019.01.03"]
[EventType "swiss"]
[EventCountry "CRO"]
[SourceTitle "playchess.com"]
[Source "ChessBase"]
[SourceQuality "1"]

{[%evp 17,110,0,0,-3,-2,-34,-35,-29,-25,-13,-22,-34,-37,-37,-40,-58,-58,-107,-35,-38,-6,-18,-10,-17,14,0,0,0,29,29,21,21,50,50,45,73,41,42,110,121,117,113,122,13,13,13,13,13,13,13,13,13,15,15,29,29,29,29,29,29,29,29,29,29,29,29,29,29,29,29,29,29,29,8,8,8,8,8,8,8,8,8,8,8,8,8,8,8,8,8,8,8,8,8,8]} 1. d4 Nf6 2. c4 g6 3. Nc3 d5 4. cxd5 Nxd5 5. e4 Nxc3 6. bxc3 Bg7 7. Bc4 O-O 8. Ne2 Nc6 9. h4 e5 {[%cal Re5d4] LiveBook: 6 Games. D86: Exchange Grünfeld: Classical Line (7 Bc4)} 10. d5 Na5 11. Bd3 (11. Bb3 $5) 11... c6 $1 {Black is slightly better.} 12. c4 b5 13. cxb5 cxd5 {Black wants to play ...Bb7.} 14. Ba3 $146 ({Predecessor:} 14. Bg5 Qd7 15. Nc3 Bb7 16. Qa4 dxe4 17. Bxe4 {0-1 (27) Enchev,I (2419)-Petrosian,T (2657) Albena 2012}) 14... Re8 15. h5 Be6 16. hxg6 hxg6 17. O-O dxe4 ({Black should try} 17... Qh4 $17 18. Rc1 Bh6) 18. Bxe4 $15 Qxd1 19. Rfxd1 Rab8 20. Nc3 Bf8 21. Bxf8 Kxf8 22. Bd5 Rec8 23. Ne4 $36 {[%mdl 2048] White is more active.} Bf5 24. Nd6 Rd8 25. Nxf7 Rxd5 $1 {[%mdl 64] [#] Remove Defender} 26. Rxd5 Kxf7 27. Rxe5 Rc8 (27... Nc4 $14 28. Rc5 Na3) 28. Rae1 $16 {aiming for Re7+.} Rc7 29. f3 Bd3 30. Re6 ({White should play} 30. Rd5 $16 Bc4 31. Rd6) 30... Bxb5 $11 31. R6e5 a6 32. a4 Nc4 33. axb5 {[#] Threatens to win with Rc1.} Nxe5 34. Rxe5 axb5 35. Rxb5 {[%mdl 4096] Endgame KR-KR} Kg7 36. Kf2 Rc6 37. Kg3 Rc2 38. f4 Kf6 39. Kf3 Rc6 40. Kg4 Ra6 41. g3 {[%cal Bg2g3,Bg3g4][%mdl 32]} Rc6 42. Kh4 Ra6 43. g4 Rc6 44. Ra5 Rb6 45. Ra7 g5+ {The position is equal.} 46. fxg5+ Kg6 47. Ra8 Rc6 48. Rf8 {Hoping for Rf6+!} Rc1 49. Rf6+ Kg7 50. Ra6 Rh1+ 51. Kg3 Rg1+ 52. Kf3 Rf1+ 53. Kg2 Rb1 54. g6 Rb3 55. Kf2 Rc3 {Accuracy: White = 73%, Black = 68%.} 1/2-1/2

[Event "24th Bosnjaci Open 2019"]
[Site "Bosnjaci"]
[Date "2019.01.09"]
[Round "9.8"]
[White "Goric, Esad"]
[Black "Ivekovic, Bozidar"]
[Result "0-1"]
[WhiteElo "2260"]
[BlackElo "2398"]
[Annotator "NA"]
[PlyCount "66"]
[EventDate "2019.01.03"]
[EventType "swiss"]
[EventCountry "CRO"]
[SourceTitle "playchess.com"]
[Source "ChessBase"]
[SourceQuality "1"]
[TimeControl "5400+30"]

1. Nf3 {[%emt 0:00:30]} c5 {[%emt 0:02:30]} 2. c4 {[%emt 0:00:30]} Nc6 {[%emt 0:00:30]} 3. Nc3 {[%emt 0:00:30]} g6 {[%emt 0:00:00]} 4. g3 {[%emt 0:00:30]} Bg7 {[%emt 0:00:00]} 5. Bg2 {[%emt 0:00:00]} e6 {[%emt 0:00:00]} 6. O-O {[%emt 0:00:00]} Nge7 {[%emt 0:00:00]} 7. d3 {[%emt 0:00:30]} d5 {[%emt 0:00:30]} 8. cxd5 {[%emt 0:04:30]} exd5 {[%emt 0:00:00]} 9. Bf4 {[%emt 0:00:30]} O-O {[%emt 0:02:00] A37: Symmetrical English vs ...g6: 4 Bg2 Bg7 5 Nf3} 10. Qc1 {[%emt 0:06:30]} b6 {[%emt 0:08:30]} 11. Bh6 {[%emt 0:00:30] LiveBook: 12 Games} d4 {[%emt 0:07:30]} 12. Bxg7 {[%emt 0:02:30]} Kxg7 {[%emt 0:00:00]} 13. Nd1 $146 {[%emt 0:06:30]} ({Predecessor:} 13. Ne4 Be6 14. h4 h6 15. Ned2 Nd5 16. Nc4 Qc7 17. e4 dxe3 18. Nxe3 Nxe3 19. Qxe3 {0-1 (30) Khajrutdinov,I (2097)-Kokarev,D (2608) St Petersburg 2018}) 13... Be6 {[%emt 0:08:00]} 14. Qd2 {[%emt 0:14:30]} Qd6 {[%emt 0:07:30]} 15. Ng5 {[%emt 0:01:30]} Bd5 {[%emt 0:00:30]} 16. Ne4 {[%emt 0:00:30]} Qd7 {[%emt 0:01:30]} 17. Qf4 {[%emt 0:15:30]} f5 {[%emt 0:02:30]} 18. Nd2 $2 {[%emt 0:06:30]} (18. Bh3) 18... Bxg2 {[%emt 0:01:30]} 19. Kxg2 {[%emt 0:00:00]} Nd5 {[%emt 0:00:30]} 20. Qh4 {[%emt 0:00:00]} Rae8 {[%emt 0:00:00]} 21. a3 {[%emt 0:08:30]} Rxe2 {[%emt 0:02:00]} 22. Nf3 {[%emt 0:00:30]} a5 {[%emt 0:05:30]} 23. Rc1 {[%emt 0:01:30]} Rfe8 {[%emt 0:00:30]} 24. Kg1 {[%emt 0:00:00]} h6 {[%emt 0:00:30]} 25. Qh3 $19 {[%emt 0:00:00]} Nce7 {[%emt 0:05:30]} 26. Re1 {[%emt 0:02:30]} Rxe1+ {[%emt 0:01:30]} 27. Nxe1 {[%emt 0:00:00]} Nc6 {[%emt 0:00:30]} 28. Qf1 {[%emt 0:06:00]} Qe6 {[%emt 0:03:30]} 29. Nf3 {[%emt 0:00:00]} Ne5 {[%emt 0:00:30]} 30. Nd2 {[%emt 0:02:00]} g5 {[%emt 0:03:30]} 31. h3 {[%emt 0:02:30]} f4 {[%emt 0:02:30]} 32. Kh2 {[%emt 0:01:42]} fxg3+ {[%emt 0:02:30]} 33. fxg3 {[%emt 0:00:03]} Rf8 {[%emt 0:00:30]} 0-1

[Event "24th Bosnjaci Open 2019"]
[Site "Bosnjaci"]
[Date "2019.01.09"]
[Round "9.9"]
[White "Stocko, Josip"]
[Black "Dabic, Stjepan"]
[Result "1/2-1/2"]
[WhiteElo "2282"]
[BlackElo "2077"]
[Annotator "NA"]
[PlyCount "69"]
[EventDate "2019.01.03"]
[EventType "swiss"]
[EventCountry "CRO"]
[SourceTitle "playchess.com"]
[Source "ChessBase"]
[SourceQuality "1"]
[TimeControl "5400+30"]

1. d4 {[%emt 0:00:30]} f5 {[%emt 0:00:30]} 2. g3 {[%emt 0:00:00]} Nf6 {[%emt 0:00:30]} 3. Bg2 {[%emt 0:00:00]} g6 {[%emt 0:00:30]} 4. c4 {[%emt 0:01:30]} Bg7 {[%emt 0:00:00]} 5. Nc3 {[%emt 0:00:30]} O-O {[%emt 0:00:00]} 6. Nf3 {[%emt 0:02:30]} d6 {[%emt 0:00:30]} 7. O-O {[%emt 0:01:30]} c6 {[%emt 0:00:30]} 8. d5 {[%emt 0:04:30]} e5 {[%emt 0:04:30] LiveBook: 678 Games} 9. Rb1 {[%emt 0:02:30] A88: Dutch Defence: Leningrad System: 5 Nf3 0-0 6 0-0 d6 7 Nc3 c6} (9. dxe6 Bxe6 10. Qd3 Nbd7 11. Bf4 d5 12. Ng5 dxc4 13. Qd6 Bf7 14. Ne6 Bxe6 15. Qxe6+ Kh8 16. Qxc4 Re8 17. Rad1 Qa5 18. b4 Qb6 {1-0 (35) Harikrishna,P (2727)-Mamedyarov,S (2765) Beijing 2014}) 9... Qe7 $146 {[%emt 0:10:30]} ({Predecessor:} 9... Na6 10. b4 c5 11. a3 h6 12. Nd2 g5 13. f3 Rf7 14. e3 h5 15. Rb3 Bh6 16. Qe2 Qe7 {0-1 (31) Cu Hor,W (2286)-Ortiz Suarez,I (2623) Duran 2014}) 10. b4 {[%emt 0:05:30]} h6 {[%emt 0:05:30]} 11. dxc6 {[%emt 0:01:30]} Nxc6 {[%emt 0:02:30]} 12. b5 {[%emt 0:01:30]} Nd8 {[%emt 0:00:30]} 13. a4 {[%emt 0:04:30]} Ne6 {[%emt 0:04:30]} 14. a5 {[%emt 0:01:30]} Nc5 {[%emt 0:02:30]} 15. Ne1 {[%emt 0:03:30]} Be6 {[%emt 0:01:30]} 16. Nd5 {[%emt 0:02:30]} Nxd5 {[%emt 0:01:30]} 17. Bxd5 {[%emt 0:08:30]} Rac8 {[%emt 0:04:30]} 18. Ba3 {[%emt 0:02:30]} Rfd8 {[%emt 0:01:30]} 19. Ng2 {[%emt 0:20:30]} Ne4 {[%emt 0:05:30]} 20. Rc1 {[%emt 0:05:30]} Nf6 {[%emt 0:01:30]} 21. Bxe6+ {[%emt 0:02:30]} Qxe6 {[%emt 0:00:30]} 22. Qb3 $11 {[%emt 0:03:30]} d5 {[%emt 0:03:30]} 23. cxd5 {[%emt 0:01:30]} Qxd5 {[%emt 0:00:30]} 24. Qxd5+ {[%emt 0:02:30]} Nxd5 {[%emt 0:00:30]} 25. Rfd1 {[%emt 0:00:30]} Rxc1 {[%emt 0:00:30]} 26. Rxc1 {[%emt 0:01:30]} e4 {[%emt 0:01:30]} 27. Kf1 {[%emt 0:06:56]} Nc3 {[%emt 0:02:30]} 28. b6 {[%emt 0:00:43]} axb6 {[%emt 0:00:30]} 29. axb6 {[%emt 0:00:02]} Nd5 {[%emt 0:00:30]} 30. Nf4 {[%emt 0:03:28]} Nxf4 {[%emt 0:04:30]} 31. gxf4 {[%emt 0:00:02]} Bd4 {[%emt 0:00:30]} 32. Rc7 {[%emt 0:05:05]} Bxb6 {[%emt 0:00:00]} 33. Rxb7 {[%emt 0:00:08]} Bd4 {[%emt 0:00:00]} 34. Kg2 {[%emt 0:01:53]} Bg7 {[%emt 0:02:30]} 35. Be7 {[%emt 0:02:33]} 1/2-1/2

[Event "24th Bosnjaci Open 2019"]
[Site "Bosnjaci"]
[Date "2019.01.09"]
[Round "9.10"]
[White "Lazor, Vladimir"]
[Black "Tomas, Ante"]
[Result "1/2-1/2"]
[WhiteElo "2164"]
[BlackElo "2102"]
[Annotator "NA"]
[PlyCount "40"]
[EventDate "2019.01.03"]
[EventType "swiss"]
[EventCountry "CRO"]
[SourceTitle "playchess.com"]
[Source "ChessBase"]
[SourceQuality "1"]
[TimeControl "5400+30"]

1. e4 {[%emt 0:05:30]} e5 {[%emt 0:00:30]} 2. Nf3 {[%emt 0:00:00]} Nc6 {[%emt 0:00:00]} 3. Bb5 {[%emt 0:00:00]} a6 {[%emt 0:00:00]} 4. Ba4 {[%emt 0:00:30]} Nf6 {[%emt 0:01:30]} 5. O-O {[%emt 0:00:00]} Be7 {[%emt 0:06:30]} 6. Re1 {[%emt 0:00:00]} b5 {[%emt 0:00:30]} 7. Bb3 {[%emt 0:00:30]} O-O {[%emt 0:00:30]} 8. d3 {[%emt 0:02:30]} d5 {[%emt 0:02:30]} 9. exd5 {[%emt 0:03:30]} Nxd5 {[%emt 0:00:30]} 10. Nxe5 {[%emt 0:02:30] LiveBook: 4 Games C88: Closed Ruy Lopez: Anti-Marshall Systems} Nd4 {[%emt 0:00:00]} 11. Nc3 {[%emt 0:08:30]} Nb4 {[%emt 0:04:00]} ({Predecessor:} 11... Nf6 12. Be3 Bb7 13. Nxf7 Rxf7 14. Bxd4 Nd5 15. Qh5 c6 16. Nxd5 cxd5 17. Re3 g6 18. Qg4 Bg5 19. Rf3 Rxf3 20. Qxf3 a5 21. a3 Qd6 22. Re1 {1-0 (22) Macieja,B (2608)-Bulski,K (2549) Chorzow 2013}) 12. Ne4 {[%emt 0:12:30]} Nxb3 {[%emt 0:12:30]} 13. axb3 {[%emt 0:00:30]} f6 {[%emt 0:08:30]} 14. Nf3 {[%emt 0:02:30]} Bb7 {[%emt 0:04:30]} 15. Bd2 {[%emt 0:04:30]} Re8 {[%emt 0:02:30]} 16. Rc1 {[%emt 0:02:30]} (16. Bxb4 $16 Bxb4 17. c3) 16... Na2 {[%emt 0:06:30]} 17. Ra1 {[%emt 0:01:30]} Nb4 {[%emt 0:00:30]} 18. Rc1 $11 {[%emt 0:06:30]} Na2 {[%emt 0:01:30]} 19. Ra1 {[%emt 0:07:30]} Nb4 {[%emt 0:00:30]} 20. Rc1 {[%emt 0:00:30]} Qd5 {[%emt 0:00:30]} 1/2-1/2

[Event "24th Bosnjaci Open 2019"]
[Site "Bosnjaci"]
[Date "2019.01.09"]
[Round "9.11"]
[White "Ivekovic, Tihana"]
[Black "Sipic, Hrvoje"]
[Result "0-1"]
[WhiteElo "2071"]
[BlackElo "2213"]
[Annotator "NA"]
[PlyCount "82"]
[EventDate "2019.01.03"]
[EventType "swiss"]
[EventCountry "CRO"]
[SourceTitle "playchess.com"]
[Source "ChessBase"]
[SourceQuality "1"]
[TimeControl "5400+30"]

1. d4 {[%emt 0:00:30]} c5 {[%emt 0:00:30]} 2. d5 {[%emt 0:00:00]} Nf6 {[%emt 0:00:30]} 3. c4 {[%emt 0:00:00]} b5 {[%emt 0:00:30]} 4. cxb5 {[%emt 0:00:00]} a6 {[%emt 0:00:00]} 5. bxa6 {[%emt 0:00:00]} Bxa6 {[%emt 0:00:00]} 6. Nc3 {[%emt 0:00:30]} g6 {[%emt 0:00:30]} 7. g3 {[%emt 0:00:00]} Bg7 {[%emt 0:00:30]} 8. Bg2 {[%emt 0:00:00]} d6 {[%emt 0:01:30]} 9. Nf3 {[%emt 0:00:30]} O-O {[%emt 0:00:30]} 10. O-O {[%emt 0:00:30]} Nbd7 {[%emt 0:00:30]} 11. Rb1 {[%emt 0:00:00]} Qa5 {[%emt 0:02:30]} 12. Qc2 {[%emt 0:09:00]} Rfb8 {[%emt 0:01:30]} 13. Rd1 {[%emt 0:06:30]} Ng4 {[%emt 0:05:30] LiveBook: 26 Games A58: Benko/Volga Gambit: Lines with 5 bxa6} 14. Bg5 {[%emt 0:04:30]} (14. Bd2 Nge5 15. Nxe5 Nxe5 16. b3 Bc8 17. Na4 Qa6 18. Bc3 Bf5 19. Be4 Bd7 20. f4 Ng4 21. Bxg7 Kxg7 {0-1 (36) Johannessen,L (2559)-Carlsen,M (2646) Tromsoe 2006}) 14... Kf8 {[%emt 0:06:30]} 15. e4 $146 {[%emt 0:16:30]} ({Predecessor:} 15. Bd2 Nge5 16. b3 Qa3 17. Ng5 Kg8 18. f4 Ng4 19. e3 c4 20. h3 Ngf6 21. e4 cxb3 22. Rxb3 Rxb3 23. Qxb3 {½-½ (23) Bujisho,B (2402)-Piceu,T (2375) Condom 2008}) 15... Nge5 {[%emt 0:20:30]} 16. Rbc1 {[%emt 0:28:30]} c4 {[%emt 0:05:30]} 17. Nd4 {[%emt 0:00:30]} Qb6 {[%emt 0:08:30]} (17... Nc5 $1 $11 {remains equal.}) 18. Na4 {[%emt 0:04:30]} Qb7 {[%emt 0:07:30]} 19. Nc6 {[%emt 0:05:30]} Re8 {[%emt 0:04:30]} 20. Nc3 {[%emt 0:03:27]} Nd3 {[%emt 0:04:30]} 21. Rb1 {[%emt 0:00:12]} N7c5 {[%emt 0:06:30]} 22. b4 {[%emt 0:02:16]} cxb3 {[%emt 0:00:30]} 23. axb3 {[%emt 0:00:04]} Nb4 {[%emt 0:05:08]} 24. Nxb4 {[%emt 0:00:33]} Qxb4 {[%emt 0:00:08]} 25. Na4 {[%emt 0:01:38]} Nd7 {[%emt 0:01:24]} 26. Bd2 {[%emt 0:05:04]} Qb8 {[%emt 0:03:27]} 27. Bc3 {[%emt 0:00:37]} Ne5 {[%emt 0:01:03]} 28. Qd2 {[%emt 0:03:40]} Bb5 {[%emt 0:02:30]} 29. Bd4 {[%emt 0:01:32]} Qb7 {[%emt 0:02:17]} 30. h3 {[%emt 0:05:35]} Reb8 {[%emt 0:01:35]} 31. Ra1 {[%emt 0:00:49]} Be8 {[%emt 0:01:15]} 32. Nb6 {[%emt 0:00:51]} Ra6 {[%emt 0:00:58]} 33. Rxa6 {[%emt 0:00:13]} Qxa6 {[%emt 0:00:05]} 34. Qe3 {[%emt 0:00:21]} Qa3 {[%emt 0:02:08]} 35. Ra1 {[%emt 0:00:33]} Qb4 {[%emt 0:00:35]} 36. Rd1 {[%emt 0:00:58]} Qa3 {[%emt 0:00:49]} 37. Ra1 {[%emt 0:00:04]} Qb4 {[%emt 0:00:38]} 38. Rd1 {[%emt 0:00:04]} g5 {[%emt 0:02:08]} 39. Nc4 $11 {[%emt 0:01:47]} Qxb3 {[%emt 0:00:42]} 40. Nxe5 {[%emt 0:00:34]} Qxd1+ {[%emt 0:00:07]} 41. Bf1 {[%emt 0:00:04]} dxe5 {[%emt 0:00:11]} 0-1

[Event "24th Bosnjaci Open 2019"]
[Site "Bosnjaci"]
[Date "2019.01.09"]
[Round "9.12"]
[White "Ljikar, Zoran"]
[Black "Borzan, Andrej"]
[Result "1-0"]
[WhiteElo "2207"]
[BlackElo "1818"]
[Annotator "NA"]
[PlyCount "107"]
[EventDate "2019.01.03"]
[EventType "swiss"]
[EventCountry "CRO"]
[SourceTitle "playchess.com"]
[Source "ChessBase"]
[SourceQuality "1"]
[TimeControl "5400+30"]

1. e4 {[%emt 0:00:30]} d6 {[%emt 0:00:30]} 2. d4 {[%emt 0:00:00]} Nf6 {[%emt 0:00:00]} 3. Nc3 {[%emt 0:00:00]} g6 {[%emt 0:00:00]} 4. Be3 {[%emt 0:00:00]} Bg7 {[%emt 0:00:30]} 5. Qd2 {[%emt 0:00:00]} O-O {[%emt 0:00:00]} 6. O-O-O {[%emt 0:00:30] B07: Pirc Defence: Miscellaneous Systems} Nbd7 {[%emt 0:01:00]} (6... c6 7. f3 b5 8. g4 b4 9. Nce2 Qa5 10. Kb1 c5 11. Bh6 Nc6 12. Bxg7 Kxg7 13. g5 Nd7 14. d5 Nce5 15. Nc1 Nb6 16. h4 {1-0 (33) Najer,E (2664)-Petrosian,T (2607) Moscow 2016}) 7. Bh6 {[%emt 0:00:30] LiveBook: 3 Games} c5 {[%emt 0:02:30]} 8. d5 {[%emt 0:09:30]} (8. Bxg7 $16 Kxg7 {[#]} 9. e5 $1 {[%mdl 512]}) 8... a6 {[%emt 0:03:30]} 9. h4 {[%emt 0:00:30]} b5 $146 {[%emt 0:01:30]} ({Predecessor:} 9... Bxh6 10. Qxh6 Ng4 11. Qd2 h5 12. f3 Nge5 13. g4 Nf6 14. gxh5 Nxh5 {1-0 (50) Dunn,A (2039)-Paul,R (1841) Dundee 2017}) 10. f3 {[%emt 0:00:30]} b4 {[%emt 0:01:30]} 11. Nce2 $1 {[%emt 0:00:00]} a5 {[%emt 0:00:30]} ({Black should try} 11... Ne5 $11) 12. h5 {[%emt 0:01:00]} a4 {[%emt 0:02:30]} ({Wrong is} 12... Nxh5 $2 {[#]} 13. Rxh5 $1 {[%mdl 512]} Bxh6 14. Rxh6 $18) 13. Bxg7 {[%emt 0:00:30]} Kxg7 {[%emt 0:00:30]} 14. hxg6 {[%emt 0:00:30]} fxg6 {[%emt 0:00:30] [#]} 15. Qh6+ {[%emt 0:00:30]} (15. Nh3 $1 $16) 15... Kg8 {[%emt 0:00:00]} 16. Nh3 {[%emt 0:00:30]} Ne5 {[%emt 0:01:00]} 17. Ng5 {[%emt 0:00:30]} (17. Nef4 $5 {[%cal Rh3g5]}) 17... Nf7 {[%emt 0:00:30]} 18. Nxf7 {[%emt 0:00:30]} Rxf7 {[%emt 0:00:30]} 19. Nf4 {[%emt 0:06:30]} Qf8 {[%emt 0:05:30]} 20. Qh2 {[%emt 0:03:30]} Qg7 {[%emt 0:00:30]} 21. e5 {[%emt 0:33:30]} dxe5 {[%emt 0:04:30]} 22. Ne6 {[%emt 0:00:30]} Bxe6 {[%emt 0:01:30]} 23. dxe6 {[%emt 0:00:00]} Rff8 {[%emt 0:00:30]} 24. Qxe5 {[%emt 0:00:00]} a3 {[%emt 0:01:30]} 25. b3 {[%emt 0:00:30]} Rfd8 {[%emt 0:02:30]} 26. Bb5 {[%emt 0:05:30]} Rac8 {[%emt 0:06:30]} 27. Rhe1 {[%emt 0:06:30] [#]} (27. Ba6 $11 Ra8 28. Bb7) 27... Nh5 $2 {[%emt 0:04:30]} (27... Qh6+ $1 $17 28. Kb1 Rd2) 28. Rd7 {[%emt 0:01:30]} Kf8 {[%emt 0:02:30]} 29. Qxg7+ {[%emt 0:07:30]} Nxg7 {[%emt 0:01:30]} 30. Re5 {[%emt 0:00:30]} h6 {[%emt 0:02:30]} 31. Rxd8+ {[%emt 0:00:30]} Rxd8 {[%emt 0:00:00]} 32. Bd7 {[%emt 0:00:30]} Nf5 {[%emt 0:05:00]} 33. Rxc5 {[%emt 0:00:30]} Nd6 {[%emt 0:00:30]} 34. c3 {[%emt 0:00:30]} Rb8 {[%emt 0:01:30]} 35. Kd2 {[%emt 0:04:28]} Kg7 {[%emt 0:01:30]} 36. cxb4 {[%emt 0:00:47]} Rxb4 {[%emt 0:00:30]} 37. Ra5 {[%emt 0:00:06]} Rh4 {[%emt 0:00:30]} 38. Ke2 {[%emt 0:00:38]} Nf5 {[%emt 0:02:30]} 39. Rxa3 {[%emt 0:03:38]} g5 {[%emt 0:01:30]} 40. Ra5 {[%emt 0:05:57]} Kf6 {[%emt 0:00:30]} 41. g4 {[%emt 0:00:24]} Rh2+ {[%emt 0:01:30]} 42. Kd3 {[%emt 0:00:10]} Nd6 {[%emt 0:01:30]} 43. Ra8 {[%emt 0:00:42]} Rh3 {[%emt 0:01:30]} 44. Ke2 {[%emt 0:02:02]} h5 {[%emt 0:02:30]} 45. gxh5 $18 {[%emt 0:00:06]} Rxh5 {[%emt 0:00:00]} 46. a4 {[%emt 0:00:48]} Ke5 {[%emt 0:00:00]} 47. a5 {[%emt 0:03:28]} Rh2+ {[%emt 0:00:30]} 48. Kd3 {[%emt 0:00:40]} Rh3 {[%emt 0:00:30]} 49. Rf8 {[%emt 0:00:29]} Nf5 {[%emt 0:01:30]} 50. a6 {[%emt 0:02:23]} Rxf3+ {[%emt 0:00:30]} 51. Kd2 {[%emt 0:00:08]} Rf2+ {[%emt 0:00:30]} 52. Kc3 {[%emt 0:00:01]} Ra2 {[%emt 0:00:30]} 53. Ba4 {[%emt 0:00:05]} Nd6 {[%emt 0:00:30]} 54. Kb4 {[%emt 0:00:58]} 1-0

[Event "24th Bosnjaci Open 2019"]
[Site "Bosnjaci"]
[Date "2019.01.09"]
[Round "9.13"]
[White "Jergovic, Andrija"]
[Black "Blagojevic, Marijan"]
[Result "0-1"]
[WhiteElo "2012"]
[BlackElo "2203"]
[Annotator "RC"]
[PlyCount "168"]
[EventDate "2019.01.03"]
[EventType "swiss"]
[EventCountry "CRO"]
[SourceTitle "playchess.com"]
[Source "ChessBase"]
[SourceQuality "1"]
[TimeControl "5400+30"]

1. d4 {[%emt 0:00:30] 0} g6 {[%emt 0:03:30] 0} 2. Nf3 {[%emt 0:00:30] 0} Bg7 {[%emt 0:00:00]} 3. g3 {[%emt 0:00:30]} Nf6 {[%emt 0:01:00]} 4. c4 {[%emt 0:00:30]} O-O {[%emt 0:00:00]} 5. Bg2 {[%emt 0:00:00]} d6 {[%emt 0:00:00]} 6. O-O {[%emt 0:00:00]} c6 {[%emt 0:02:30]} 7. Nc3 {[%emt 0:00:00]} Nbd7 {[%emt 0:00:30]} 8. e4 {[%emt 0:00:00]} e5 {[%emt 0:00:30]} 9. h3 {[%emt 0:00:00]} Re8 {[%emt 0:00:30]} 10. Re1 {[%emt 0:01:00]} Qc7 {[%emt 0:03:30]} 11. Be3 {[%emt 0:00:00]} exd4 {[%emt 0:00:30]} 12. Nxd4 {[%emt 0:00:00]} Nc5 {[%emt 0:01:30]} 13. Qc2 {[%emt 0:00:30]} a5 {[%emt 0:03:30]} 14. b3 {[%emt 0:00:30]} Nfd7 {[%emt 0:04:30]} 15. Rad1 {[%emt 0:00:30]} Na6 {[%emt 0:01:30]} 16. f4 {[%emt 0:03:30]} Ndc5 {[%emt 0:02:30]} 17. Bf2 {[%emt 0:07:30]} Nb4 {[%emt 0:02:30]} 18. Qb1 {[%emt 0:00:30]} Nba6 {[%emt 0:09:30]} 19. Kh2 {[%emt 0:13:30]} Bd7 {[%emt 0:02:30]} 20. Rd2 {[%emt 0:03:30]} f5 {[%emt 0:12:30]} 21. exf5 {[%emt 0:01:30]} Bxf5 {[%emt 0:01:30]} 22. Qd1 {[%emt 0:01:30]} Rxe1 {[%emt 0:01:30]} 23. Bxe1 {[%emt 0:01:30]} Bd7 {[%emt 0:01:30]} 24. Ne4 {[%emt 0:02:30]} Nxe4 {[%emt 0:01:30]} 25. Bxe4 {[%emt 0:01:30]} Nc5 {[%emt 0:01:30]} 26. Bg2 {[%emt 0:00:30]} Re8 {[%emt 0:01:30]} 27. Re2 {[%emt 0:12:30]} Rxe2 {[%emt 0:04:30]} 28. Nxe2 {[%emt 0:01:30]} Bf5 {[%emt 0:00:30]} 29. Nd4 {[%emt 0:06:30]} Bd3 {[%emt 0:09:30]} 30. Ne6 {[%emt 0:08:30]} Nxe6 {[%emt 0:02:30]} 31. Qxd3 {[%emt 0:00:30]} Nc5 {[%emt 0:02:30]} 32. Qd2 {[%emt 0:04:30]} a4 {[%emt 0:03:30]} 33. b4 {[%emt 0:02:30]} Ne6 {[%emt 0:01:30]} 34. Bf2 {[%emt 0:01:30]} Kf7 {[%emt 0:03:53]} 35. a3 {[%emt 0:07:30] 7} Qe7 {[%emt 0:02:44]} 36. Qc2 {[%emt 0:04:28]} Nd4 {[%emt 0:00:51]} 37. Qxa4 {[%emt 0:12:15]} Qe2 {[%emt 0:00:35]} 38. Kg1 {[%emt 0:00:48]} Qxc4 {[%emt 0:04:16]} 39. Qa7 {[%emt 0:00:37]} d5 {[%emt 0:01:43]} 40. Qxb7+ {[%emt 0:00:34]} Kg8 {[%emt 0:01:19]} 41. Qa8+ {[%emt 0:02:07]} Bf8 {[%emt 0:00:12]} 42. Qa7 {[%emt 0:00:27]} Nb5 {[%emt 0:00:51]} 43. Qe3 {[%emt 0:00:21]} d4 {[%emt 0:02:45]} 44. Qf3 {[%emt 0:01:11]} d3 {[%emt 0:00:42]} 45. Qd1 {[%emt 0:01:26]} Nc3 {[%emt 0:00:29]} 46. Qd2 {[%emt 0:00:21]} Nb1 {[%emt 0:02:09]} 47. Qd1 {[%emt 0:00:23]} Qc2 {[%emt 0:00:36]} 48. Qxc2 {[%emt 0:00:56]} dxc2 {[%emt 0:00:02]} 49. Be3 {[%emt 0:00:14]} Nc3 {[%emt 0:02:42]} 50. Bf1 {[%emt 0:00:31]} Nb1 {[%emt 0:01:23]} 51. Bc1 {[%emt 0:00:42]} Nc3 {[%emt 0:00:41]} 52. Bb2 {[%emt 0:00:16]} Bg7 {[%emt 0:00:12]} 53. Bc1 {[%emt 0:00:26]} Kf8 {[%emt 0:00:09]} 54. Bd3 {[%emt 0:00:17]} Na2 {[%emt 0:00:12]} 55. Bxc2 {[%emt 0:00:29]} Nxc1 {[%emt 0:00:02]} 56. a4 {[%emt 0:00:25]} Ne2+ {[%emt 0:00:02]} 57. Kg2 {[%emt 0:00:09]} Bc3 {[%emt 0:00:58]} 58. b5 {[%emt 0:00:08]} cxb5 {[%emt 0:00:58]} 59. axb5 {[%emt 0:00:06]} Nd4 {[%emt 0:00:00]} 60. Bd3 {[%emt 0:00:38]} Ba5 {[%emt 0:00:18]} 61. h4 {[%emt 0:00:17]} Kg7 {[%emt 0:00:04]} 62. g4 {[%emt 0:00:58]} h6 {[%emt 0:02:09]} 63. Kh3 {[%emt 0:01:01]} Ne6 {[%emt 0:00:05]} 64. Kg3 {[%emt 0:00:31]} Bc7 {[%emt 0:00:00]} 65. Kf3 {[%emt 0:00:29]} Nxf4 {[%emt 0:00:00]} 66. b6 {[%emt 0:00:40]} Bb8 {[%emt 0:00:00]} 67. Bc4 {[%emt 0:00:15]} Kf6 {[%emt 0:00:00]} 68. Ba2 {[%emt 0:00:40]} Ke5 {[%emt 0:00:00]} 69. Bf7 {[%emt 0:00:10]} Kf6 {[%emt 0:00:00]} 70. Ba2 {[%emt 0:00:32]} Ke5 {[%emt 0:00:00]} 71. Bf7 {[%emt 0:00:53]} g5 {[%emt 0:00:00]} 72. hxg5 {[%emt 0:00:33]} hxg5 {[%emt 0:00:00]} 73. Ba2 {[%emt 0:00:36]} Kd4 {[%emt 0:00:00]} 74. Bb1 {[%emt 0:00:37]} Nd3 {[%emt 0:00:00]} 75. Ke2 {[%emt 0:00:41]} Nc5 {[%emt 0:00:00]} 76. Bf5 {[%emt 0:00:39]} Na4 {[%emt 0:00:00]} 77. b7 {[%emt 0:00:34]} Nc5 {[%emt 0:00:00]} 78. Kf3 {[%emt 0:00:30]} Nxb7 {[%emt 0:00:01]} 79. Kg2 {[%emt 0:00:33]} Ke3 {[%emt 0:00:08]} 80. Kh3 {[%emt 0:00:34] [%clk 0:00.24]} Kf2 {[%emt 0:01:11]} 81. Bb1 {[%emt 0:00:11]} Nd6 {[%emt 0:00:12]} 82. Bh7 {[%emt 0:00:39]} Nb5 {[%emt 0:00:14]} 83. Be4 {[%emt 0:00:20]} Nd4 {[%emt 0:00:03]} 84. Bd5 {[%emt 0:00:17]} Ne2 {[%emt 0:00:03]} 0-1